000 00748nam a2200229 a 4500
005 20240806064109.0
008 130918s2011 mx r 000 0 spa d
020 _a9789871534388
035 _aUPN01000193001
049 _aCG
050 4 _aPT2360
_bN8
100 1 _aHoffmann, Ernst Theodor Amadeus,
_d1776-1822
_930310
245 1 0 _aCascanueces y el rey de los ratones /
_cErnst theodor Amadeus Hoffmann ; tr. Alejandra Obermeier.
260 _aBuenos Aires :
_bPictus,
_c2011.
300 _a110 p.
440 0 _aLectosfera.
_v125.
_pLima, a partir de 8 años
534 _pTítulo original:
_tNubknacker und Mausekönig
650 4 _aCUENTOS ALEMANES
_98048
650 4 _aLiteratura alemana
_910466
905 _aLibro
999 _c165102
_d165102